Score 0/18 Timer 02:00
3 Plays Today
% Correct
log
96.5%
bog
96.1%
hog
95.4%
fog
93.6%
cog
89.8%
nog
88.5%
jog
86.7%
tog
84.3%
frog
79%
% Correct
blog
78.6%
clog
76.6%
flog
67.9%
slog
64.8%
grog
63.6%
prog
47.6%
smog
44.9%
shog
35.8%
quag
9.3%
Remove Ads.
Support Sporcle.
Get the best of Sporcle when you Go Orange. This ad-free experience offers more features, more stats, and more fun while also helping to support Sporcle. Thank you for becoming a member.

You're not logged in!

Compare scores with friends on all Sporcle quizzes.
OR
Log In

Sporcle TV

Today on Sporcle TV


Watch our educational content, quiz creation guides, and fun videos on Sporcle TV.

Show Comments

Extras

Top Quizzes Today


Score Distribution

Paid Content

Your Account Isn't Verified!

In order to create a playlist on Sporcle, you need to verify the email address you used during registration. Go to your Sporcle Settings to finish the process.

Report this User

Report this user for behavior that violates our Community Guidelines.

Details: